000 00713nam a22002177a 4500
003 UA-OsUOA
001 78200
007 ta
008 20111004b un ||||| |||| 00| 0 ukr d
100 _aГородянськ Л.В.
090 _a330(477)
_bГ70
942 _cSA
040 _aUA-OsUOA
_bukr
_cUA-OsUOA
_dUA-OsUOA
245 _aОсобливості побудови інформаційної ситеми обліку та аналізу відтворюваних економічних ресурсів
300 _aС.118
955 _a0
041 _aukr
080 _a330(477)
773 0 _w78186
_tФінанси України
_dК.
_d2011
_g6
650 7 _a330 Економіка взагалі
_2UDC
999 _c364515
_d364515